| 000 | 00840nam a22002417a 4500 | ||
|---|---|---|---|
| 999 |
_c20777 _d20777 |
||
| 003 | AR-CdUCM | ||
| 008 | 190325b ||||| |||| 00| 0 spa d | ||
| 020 | _a978-968-18-7050-8 | ||
| 040 |
_aMUNICIPALIDAD PROVINCIAL DEL CUSCO _cBIBLIOTECA MUNICIPAL DEL CUSCO |
||
| 082 |
_a657 / _bM26 |
||
| 100 |
_aMarcaida, José Luis _943388 |
||
| 245 | _aContabilidad general / | ||
| 260 |
_aEspaña : _bDeusto, _c1981. |
||
| 300 |
_a183 paginas ; _bcuadros, tablas, _c26 cm. |
||
| 440 |
_aColección manuales prácticos de gestión de empresas _943389 |
||
| 505 | _aContenido : Conceptos de contabilidad general -- El balance -- Cambios en el balance -- La cuenta... | ||
| 650 |
_aContabilidad _910543 |
||
| 650 |
_aPrincipios _95198 |
||
| 650 |
_aCuentas contables _924386 |
||
| 650 |
_aBalances _914835 |
||
| 942 |
_2ddc _cLIBROS |
||
| 945 | _arcc | ||